Word Puzzles - Actors #1 - Statistics

General Stats
  • This quiz has been taken 64 times
  • The average score is 26 of 39
Answer Stats
Hint Answer % Correct
Sound that a snake makes Sss
98%
____ are red, violets are blue Rose
95%
What would happen to your hand if it touched fire Burn
93%
Sound that a cow makes Moo
87%
To look See
87%
5+5 Ten
87%
Used to unlock doors Key
85%
What aged people are Old
85%
___ McKellen Ian
82%
Great Barrier ____ (plural) Reefs
82%
Container that's like a vase that is often used for keeping the ashes of the dead Urn
82%
Opposite of old New
80%
Watery precipitation Rain
78%
____ and Morty Rick
78%
A golden drop of sun Ray
76%
Sound pirates make in Treasure Island Arr
75%
Frozen precipitation Hail
75%
Robert E ___ Lee
75%
Straw_____ or goose_____ Berry
69%
(actor's name) Keanu Reeves
69%
British slang word for toilet Loo
69%
What a witch has on the end of her nose Wart
69%
(actor's name) Halle Berry
62%
(actor's name) Ryan Reynolds
62%
Grain used for bread, beer, some whiskeys, some vodkas, animal fodder, etc Rye
62%
One of the gifts given to Jesus as a child Myrrh
60%
Thick broth Stew
60%
Platform next to a window Sill
58%
To swear Curse
53%
Tap lightly on the head Pat
51%
(actor's name) Rose Byrne
51%
(actor's name) Cillian Murphy
47%
What you incur if you break a minor law Fee
47%
(actor's name) Patrick Stewart
45%
(actor's name) Kirsten Dunst
36%
A jester or a stupid person Dunce
33%
Third-most common Korean surname Park
29%
(actor's name) Simu Liu
27%
(actor's name) Ray Park
25%
No matching quizzes found
Score Distribution
Percent of People with Each Score
Percentile by Number Answered
Your Score History
You have not taken this quiz